| 000 | 00372nam a2200133Ia 4500 | ||
|---|---|---|---|
| 008 | 210210b1985 xxu||||| |||| 00| 0 eng d | ||
| 082 | _a023 DATA | ||
| 100 | _aDATTA (N). | ||
| 245 | _aAcademic status for university and College Librarians in India. | ||
| 260 |
_aDelhi _bIndian Bibliographies Bureau _c1985 |
||
| 300 | _a208 | ||
| 690 | _aLibrary Science | ||
| 906 | _a037637 | ||
| 999 |
_c87988 _d87988 |
||